00431nam a2200157Ia 4500008004100000020001500041041001200056082001100068100002200079245009100101250000800192260003300200300000800233650001400241700001800255221030s9999 xx 000 0 und d a8126509720 aEnglish a105.23 aR. M. Silverstein 0aSpectrometric Identification of Organic Compoundscby R. M. Silverstein, F. X. Webster a6th bWilley Pub.aNew Delhic2010 a482 aChemistry aF. X. Webster